British Cities By Picture - Statistics

General Stats
  • This quiz has been taken 223 times
  • The average score is 5 of 15
Answer Stats
Picture City % Correct
London
99%
Edinburgh
67%
Bristol
52%
Newcastle
48%
Liverpool
41%
Portsmouth
41%
York
40%
Cardiff
37%
Brighton
25%
Birmingham
23%
Manchester
19%
Nottingham
19%
Southampton
13%
Norwich
9%
Leicester
2%
No matching quizzes found
Score Distribution
Percent of People with Each Score
Percentile by Number Answered
Your Score History
You have not taken this quiz